Introduction to modern photogrammetry
Αποθηκεύτηκε σε:
| Κύριος συγγραφέας: | |
|---|---|
| Άλλοι συγγραφείς: | , |
| Μορφή: | Βιβλίο |
| Γλώσσα: | English |
| Δημοσίευση: |
New York; Chichester :
Wiley,
c2001
|
| Θέματα: | |
| Ετικέτες: |
Προσθήκη ετικέτας
Δεν υπάρχουν, Καταχωρήστε ετικέτα πρώτοι!
|
MARC
| LEADER | 00000nam a2200000 i 4500 | ||
|---|---|---|---|
| 001 | 1/40185 | ||
| 008 | 030909s2001 eng d | ||
| 020 | |a 0-471-30924-9 | ||
| 035 | |l 10070761 | ||
| 040 | |a GR-MY-UA |b gre |e aacr | ||
| 041 | 0 | |a eng | |
| 082 | 0 | |a 526.982 |2 (21) | |
| 100 | 1 | |a Mikhail, Edward M. | |
| 245 | 1 | 0 | |a Introduction to modern photogrammetry / |c Edward M. Mikhail, James S. Bethel, J. Chris McGlone |
| 260 | |a New York; Chichester : |b Wiley, |c c2001 | ||
| 300 | |a ix, 479 σ.; |b εικ.; |c 26 εκ.+ |e 1 οπτικός δίσκος λέιζερ Η/Υ (4 3/4 ιν.) | ||
| 504 | |a Περιέχει βιβλιογραφία και ευρετήριο | ||
| 650 | 0 | 0 | |a Photogrammetry. |
| 700 | 1 | |a Bethel, James S. | |
| 700 | 1 | |a McGlone, J. Chris. | |
| 852 | |a INST |b LESVOS |e 20030909 |h 526.982 MIK |p 005100026813 |q 005100026813 |t BK |y 0 | ||
| 852 | |a INST |b LESVOS |e 20030917 |h 526.982 MIK |p 005100026814 |q 005100026814 |t BK |y 0 | ||
| 901 | |a BIBL1-2003-3 | ||
| 909 | |a Λ |b 106006 | ||
| 909 | |a Λ |b 106007 | ||
| 922 | |a 1ΕΛΗ |b 200308 |c ΕΠΕΑΕΚ2/ΤΠ |d ΜΙΧΑΛΟΠΟΥΛΟΣ | ||
| 950 | |a 107-2003-06-11 | ||
| 970 | |a ΧΡΙΣΤΟΦΑ |b ΝΙΚΗ |z 2003/09/17 | ||